| 000 | 00491nam a22001577a 4500 | ||
|---|---|---|---|
| 999 |
_c8085 _d8085 |
||
| 003 | GBCCL | ||
| 005 | 20241126110643.0 | ||
| 008 | 190218b ||||| |||| 00| 0 eng d | ||
| 040 | _cGBC | ||
| 082 |
_aARC HAT _b1996 |
||
| 100 |
_aHatlang, Gouzakap _913766 |
||
| 245 |
_aThe Impact of the Gospel of Christ Upon the Paite People| _cGouzakap Hatlang |
||
| 300 |
_axviii + 407 p.; _c21 cm. x 27 cm. |
||
| 650 |
_vPaite _vImpact of the Gospel _xAnimism _zLamka _zChurachandpur _914095 |
||
| 942 |
_2ddc _cTH |
||